[Event "8th Essent op"]
[Site "Hoogeveen NED"]
[Date "2004.10.15"]
[Round "1.38"]
[White "Wilson, Alexandra"]
[Black "Doggers, Peter"]
[Result "1/2-1/2"]
[WhiteElo "2070"]
[BlackElo "2292"]
[EventDate "2004.10.15"]
[PlyCount "41"]

1.e4 c5 2.Nf3 e6 3.c3 d5 4.e5 Ne7 5.d4 Nec6 6.a3 Nd7 7.b4 cxd4 8.cxd4 a6 
9.Bd3 Be7 10.O-O O-O 11.Qc2 h6 12.Be3 Nb6 13.Nbd2 Bd7 14.Nb3 Na7 15.Nc5 
Bxc5 16.bxc5 Nc4 17.Nd2 Nxd2 18.Qxd2 f5 19.exf6 Qxf6 20.Rab1 Bc6 21.Qb4 
1/2-1/2

[Event "8th Essent op"]
[Site "Hoogeveen NED"]
[Date "2004.10.15"]
[Round "1.39"]
[White "Bitalzadeh, Ali"]
[Black "Nagel, Yvette"]
[Result "1-0"]
[WhiteElo "2289"]
[BlackElo "2051"]
[EventDate "2004.10.15"]
[PlyCount "65"]

1.e4 c5 2.Nf3 e6 3.d4 cxd4 4.Nxd4 Nf6 5.Nc3 Nc6 6.Be3 d5 7.Bb5 Bd7 8.exd5 
exd5 9.O-O Bb4 10.Bg5 Bxc3 11.bxc3 O-O 12.Rb1 h6 13.Bh4 g5 14.Bg3 Ne4 15.
Ne2 Bg4 16.f3 Nxg3 17.Nxg3 Be6 18.Bxc6 bxc6 19.Qd4 Qe7 20.Rfe1 f5 21.Nh5 
Rf7 22.Re2 Re8 23.Rbe1 c5 24.Qa4 Bd7 25.Qa6 Qf8 26.Qg6+ Kh8 27.Rxe8 Bxe8 
28.Re6 f4 29.Qxh6+ Qxh6 30.Rxh6+ Kg8 31.Rg6+ Kf8 32.Rxg5 Rb7 33.Nxf4 1-0

[Event "8th Essent op"]
[Site "Hoogeveen NED"]
[Date "2004.10.16"]
[Round "2.1"]
[White "Okkes, Menno"]
[Black "Gurevich, Mikhail"]
[Result "0-1"]
[WhiteElo "2353"]
[BlackElo "2644"]
[EventDate "2004.10.15"]
[PlyCount "78"]

1.e4 e6 2.d4 d5 3.Nc3 Nf6 4.e5 Nfd7 5.Nce2 c5 6.c3 cxd4 7.cxd4 f6 8.exf6 
Nxf6 9.Nf3 Nc6 10.Nc3 Bd6 11.g3 O-O 12.Bg2 Bd7 13.O-O Qb6 14.a3 Rae8 15.b4
Re7 16.Na4 Qc7 17.Nc5 Be8 18.Bb2 Bh5 19.Qd2 b6 20.Nd3 Ne4 21.Qe3 Ref7 22.
Nfe5 Bxe5 23.Nxe5 Nxe5 24.dxe5 Bf3 25.Rac1 Qd7 26.Rc2 Qa4 27.Qc1 Qe8 28.
Bd4 h6 29.Be3 Bxg2 30.Kxg2 Rf3 31.Rc7 Qh5 32.Rxa7 Qf5 33.Qc7 Qg4 34.Qxb6 
h5 35.Re7 d4 36.Qxd4 h4 37.Rc7 hxg3 38.Rc4 gxh2+ 39.Kh1 Qh3 0-1

[Event "8th Essent op"]
[Site "Hoogeveen NED"]
[Date "2004.10.16"]
[Round "2.4"]
[White "Erwich, Marc"]
[Black "Romanishin, Oleg"]
[Result "1-0"]
[WhiteElo "2336"]
[BlackElo "2543"]
[EventDate "2004.10.15"]
[PlyCount "127"]

1.e4 e5 2.Nf3 Nc6 3.d4 exd4 4.Bc4 Nf6 5.e5 Ne4 6.O-O Be7 7.Bd5 Nc5 8.Nxd4 
Nxd4 9.Qxd4 c6 10.Bc4 O-O 11.Rd1 b5 12.Be2 Ne6 13.Qe4 f5 14.Qd3 Qc7 15.f4 
Qb6+ 16.Kh1 a5 17.g3 Bb7 18.Bf3 Rad8 19.Be3 Qc7 20.a4 b4 21.Nd2 Kh8 22.Nc4
Ba6 23.Qb3 c5 24.Bd5 Rc8 25.Rd2 Nd4 26.Bxd4 cxd4 27.Rxd4 Bc5 28.Rd2 d6 29.
Nxd6 Bxd6 30.exd6 Qxd6 31.Rad1 Rcd8 32.Qe3 Qc7 33.Qe5 Qb6 34.Bg2 Rxd2 35.
Rxd2 Bb7 36.Qd6 Bxg2+ 37.Kxg2 Qxd6 38.Rxd6 Rc8 39.Kf3 Kg8 40.Rd2 Kf7 41.
Ke3 Ke6 42.Kd3 Rd8+ 43.Ke2 Rc8 44.Kd1 Rc5 45.Rd8 h6 46.Kd2 Ke7 47.Rd4 Ke6 
48.Rd8 Ke7 49.Rg8 Kf7 50.Rb8 Rd5+ 51.Kc1 g5 52.Rb5 Ke6 53.Rxd5 Kxd5 54.
fxg5 hxg5 55.Kd2 Ke4 56.Ke2 g4 57.c3 b3 58.Kd2 Kd5 59.Kd3 Kc5 60.c4 Kb4 
61.Kd4 Kxa4 62.Kd5 Kb4 63.c5 a4 64.c6 1-0

[Event "8th Essent op"]
[Site "Hoogeveen NED"]
[Date "2004.10.16"]
[Round "2.5"]
[White "Erenburg, Sergey"]
[Black "Ris, Robert"]
[Result "1/2-1/2"]
[WhiteElo "2537"]
[BlackElo "2300"]
[EventDate "2004.10.15"]
[PlyCount "172"]

1.e4 e5 2.Bc4 Nf6 3.d3 Nc6 4.Nf3 Bc5 5.c3 d6 6.Bb3 O-O 7.h3 a6 8.Nbd2 Ba7 
9.Nf1 Be6 10.Ng3 h6 11.Nh2 Na5 12.Bc2 Qd7 13.Qf3 Nh7 14.Ng4 Kh8 15.Nf5 Rg8
16.Nge3 Nc6 17.g4 Ne7 18.h4 Raf8 19.Bd2 c6 20.O-O-O d5 21.exd5 Nxd5 22.Kb1
Rd8 23.g5 Nxe3 24.Nxe3 f5 25.gxh6 gxh6 26.Qh5 b5 27.Rhg1 Bb8 28.d4 e4 29.
Bb3 f4 30.Bxe6 Qxe6 31.Nf5 Rdf8 32.Nxh6 Rxg1 33.Rxg1 e3 34.fxe3 fxe3 35.
Be1 Bf4 36.Rg6 Qe4+ 37.Ka1 Qc2 38.a3 Qc1+ 39.Ka2 Qxe1 40.Nf5 Qh1 41.Nxe3 
Qe4 42.Nd1 Rf5 43.Qg4 Nf6 44.Qg1 Qe6+ 45.Ka1 Qf7 46.Rg2 a5 47.Qe1 Nd5 48.
Re2 Rf6 49.Re8+ Kg7 50.Qe2 Bd6 51.h5 Nf4 52.Qg4+ Kh7 53.Rd8 Re6 54.Qg1 Nd3
55.Ne3 Bf4 56.Nc2 Nc1 57.d5 cxd5 58.Nd4 Re4 59.Qg4 Be5 60.Qh3 Bxd4 61.Rd7 
Re7 62.Rxe7 Qxe7 63.Qf5+ Kh8 64.Qc8+ Kg7 65.cxd4 Ne2 66.Qg4+ Kf7 67.Qg6+ 
Kf8 68.h6 Qf7 69.Qg5 Qf1+ 70.Ka2 Nc1+ 71.Kb1 Nb3+ 72.Ka2 Nc1+ 73.Kb1 Nb3+ 
74.Ka2 a4 75.Qg7+ Ke8 76.Qg8+ Ke7 77.Qg7+ Kd8 78.Qh8+ Kc7 79.Qe5+ Kc8 80.
Qe6+ Kc7 81.Qe7+ Kb6 82.Qd6+ Ka5 83.Qc7+ Ka6 84.Qc8+ Ka7 85.Qc7+ Ka6 86.
Qd6+ Ka7 1/2-1/2

[Event "8th Essent op"]
[Site "Hoogeveen NED"]
[Date "2004.10.16"]
[Round "2.6"]
[White "Zhang Pengxiang"]
[Black "Pruijssers, Roeland"]
[Result "1-0"]
[WhiteElo "2519"]
[BlackElo "2295"]
[EventDate "2004.10.15"]
[PlyCount "53"]

1.e4 e5 2.Nf3 Nc6 3.d4 exd4 4.Nxd4 Nf6 5.Nxc6 bxc6 6.e5 Qe7 7.Qe2 Nd5 8.c4
Nb6 9.Nc3 Ba6 10.Qe4 Qb4 11.Be2 Na4 12.O-O Nxc3 13.bxc3 Qxc3 14.Rb1 Qa5 
15.Rd1 Rd8 16.Bg4 Be7 17.Bxd7+ Kf8 18.e6 Qxa2 19.Qf3 f6 20.Bf4 Bxc4 21.
Bxc7 Bd5 22.Qg3 Ra8 23.Bd6 Qa6 24.Bxe7+ Kxe7 25.Qxg7+ Kd6 26.Qg3+ Ke7 27.
Qc7 1-0

[Event "8th Essent op"]
[Site "Hoogeveen NED"]
[Date "2004.10.16"]
[Round "2.7"]
[White "Van Wissen, Michiel"]
[Black "l`Ami, Erwin"]
[Result "1/2-1/2"]
[WhiteElo "2297"]
[BlackElo "2516"]
[EventDate "2004.10.15"]
[PlyCount "148"]

1.e4 c5 2.Nf3 d6 3.d4 cxd4 4.Nxd4 Nf6 5.Nc3 a6 6.Bg5 e6 7.f4 Be7 8.Qf3 Qc7
9.O-O-O Nbd7 10.Bd3 h6 11.Bh4 g5 12.fxg5 Ne5 13.Qe2 Nfg4 14.Nf3 Nxf3 15.
gxf3 hxg5 16.Bg3 Ne5 17.h4 gxh4 18.f4 Nxd3+ 19.Rxd3 Bd7 20.Bf2 Bc6 21.Rdh3
O-O-O 22.Bxh4 Bxh4 23.Rxh4 Rxh4 24.Rxh4 Qb6 25.b3 Rg8 26.Rg4 Rxg4 27.Qxg4 
Qe3+ 28.Kb2 Kd7 29.f5 Qd4 30.fxe6+ fxe6 31.Qg6 b5 32.a3 a5 33.e5 Qxe5 34.
Qf7+ Kc8 35.b4 axb4 36.axb4 Bd7 37.Qf2 Kd8 38.Qf8+ Be8 39.Kb3 Kd7 40.Qf2 
Ke7 41.Qh4+ Qf6 42.Qe4 Qf5 43.Qb7+ Bd7 44.Qc7 Qf3 45.Kb2 Qc6 46.Qxc6 Bxc6 
47.Ne2 e5 48.Kc3 Bf3 49.Ng3 Ke6 50.Kd3 Bg4 51.c3 Bf5+ 52.Ke3 Bc2 53.Nf1 
Bb3 54.Nd2 Bd5 55.Nf1 Kf5 56.Nd2 Kg5 57.Nb1 Kg4 58.Na3 Bc6 59.c4 Kf5 60.
cxb5 Bd5 61.b6 Ke6 62.Nc4 Kd7 63.Na5 Bg2 64.Kd3 Bf3 65.Ke3 Bh1 66.Kd3 Bg2 
67.Ke3 Bf1 68.Ke4 Bg2+ 69.Ke3 Bd5 70.Kd3 Bh1 71.Ke3 d5 72.b7 d4+ 73.Kd3 
Kc7 74.Nc4 Bxb7 1/2-1/2

[Event "8th Essent op"]
[Site "Hoogeveen NED"]
[Date "2004.10.16"]
[Round "2.8"]
[White "Van Beek, Alexander"]
[Black "Van der Wiel, John"]
[Result "1/2-1/2"]
[WhiteElo "2255"]
[BlackElo "2493"]
[EventDate "2004.10.15"]
[PlyCount "42"]

1.d4 Nf6 2.Nf3 c6 3.c4 d5 4.Qb3 e6 5.g3 dxc4 6.Qxc4 b5 7.Qd3 Nbd7 8.Bg2 
Bb7 9.O-O a6 10.a4 bxa4 11.Nc3 c5 12.Be3 cxd4 13.Nxd4 Bxg2 14.Kxg2 Qc7 15.
f3 Qb7 16.Nxa4 Bb4 17.Rfc1 O-O 18.Nc6 Rfc8 19.Nxb4 Rxc1 20.Rxc1 Qxb4 21.
Qc4 Qb5 1/2-1/2

[Event "8th Essent op"]
[Site "Hoogeveen NED"]
[Date "2004.10.16"]
[Round "2.9"]
[White "Loffler, Stefan"]
[Black "Bitalzadeh, Ali"]
[Result "1/2-1/2"]
[WhiteElo "2432"]
[BlackElo "2289"]
[EventDate "2004.10.15"]
[PlyCount "36"]

1.Nf3 Nf6 2.c4 b6 3.d4 e6 4.e3 Bb7 5.Bd3 d5 6.O-O Bd6 7.b3 O-O 8.Bb2 Ne4 
9.Qc2 Nd7 10.Ne5 Bxe5 11.dxe5 Ndc5 12.Be2 dxc4 13.Bxc4 Qg5 14.f4 Qg4 15.
Bd4 Rfd8 16.Na3 Qg6 17.Rfd1 Na6 18.Qe2 Nb4 1/2-1/2

[Event "8th Essent op"]
[Site "Hoogeveen NED"]
[Date "2004.10.16"]
[Round "2.11"]
[White "Jonkman, Harmen"]
[Black "Ruijgrok, Dennis"]
[Result "1-0"]
[WhiteElo "2417"]
[BlackElo "2255"]
[EventDate "2004.10.15"]
[PlyCount "71"]

1.e4 e5 2.Nf3 Nc6 3.Bc4 Bc5 4.d3 Nf6 5.Nc3 h6 6.Be3 Bxe3 7.fxe3 d6 8.O-O 
Na5 9.Bb5+ c6 10.Ba4 b5 11.Bb3 Nxb3 12.axb3 O-O 13.Qd2 Re8 14.b4 g6 15.h3 
a6 16.Rf2 Ra7 17.Raf1 Nh7 18.Ne2 Ng5 19.Qc3 Rc7 20.Nxg5 Qxg5 21.Rf3 Rf8 
22.d4 Qe7 23.Qd2 exd4 24.exd4 Qxe4 25.Rf6 Kh8 26.Rxd6 f5 27.Nf4 g5 28.Nh5 
Kh7 29.Re1 Qh4 30.Nf6+ Rxf6 31.Rxf6 g4 32.Rf8 gxh3 33.Ree8 Be6 34.Rh8+ Kg7
35.Rxe6 f4 36.Rhxh6 1-0

[Event "8th Essent op"]
[Site "Hoogeveen NED"]
[Date "2004.10.16"]
[Round "2.12"]
[White "Vroombout, Enrico"]
[Black "Hoeksema, Hendrik Pieter"]
[Result "0-1"]
[WhiteElo "2141"]
[BlackElo "2391"]
[EventDate "2004.10.15"]
[PlyCount "102"]

1.e4 c5 2.Nf3 d6 3.d4 cxd4 4.Nxd4 Nf6 5.Nc3 Nc6 6.Be2 g6 7.Be3 Bg7 8.Nb3 
O-O 9.f4 Be6 10.g4 Na5 11.Bd4 Nc6 12.Be3 Na5 13.Bd4 Rc8 14.g5 Ne8 15.Qd2 
Nc4 16.Bxc4 Rxc4 17.O-O-O Bg4 18.Qd3 Rxd4 19.Nxd4 Bxd1 20.Nxd1 e5 21.Nf3 
exf4 22.Qd2 Nc7 23.Qxf4 Ne6 24.Qe3 Qa5 25.Kb1 Re8 26.h4 Nc5 27.Nf2 Na4 28.
c3 Qb5 29.Nd1 Bxc3 30.Nd4 Qb6 31.Nc2 Qxe3 32.Ncxe3 Bg7 33.Nc4 Rxe4 34.Nxd6
Re2 35.b3 Nb2 36.Nxb7 Be5 37.Nc5 Nxd1 38.Rxd1 Rb2+ 39.Kc1 Rxa2 40.Rd8+ Kg7
41.Rd7 Kf8 42.Nd3 Bg3 43.Nb4 Rh2 44.Rd8+ Kg7 45.Rd7 Bxh4 46.Rxa7 Bxg5+ 47.
Kb1 h5 48.Nc6 Bf6 49.b4 h4 50.Ra3 h3 51.Rb3 Rb2+ 0-1

[Event "8th Essent op"]
[Site "Hoogeveen NED"]
[Date "2004.10.16"]
[Round "2.13"]
[White "Van de Oudeweetering, Arthur"]
[Black "Swinkels, Robin"]
[Result "1/2-1/2"]
[WhiteElo "2383"]
[BlackElo "2231"]
[EventDate "2004.10.15"]
[PlyCount "33"]

1.e4 e5 2.Nf3 Nc6 3.Bb5 a6 4.Bxc6 dxc6 5.Nc3 Bg4 6.h3 Bxf3 7.Qxf3 Bd6 8.d3
Ne7 9.Be3 c5 10.O-O O-O 11.Qg4 Ng6 12.a4 b6 13.g3 Qc8 14.Qxc8 Raxc8 15.Nb1
f6 16.Nd2 Rf7 17.Nb3 1/2-1/2

[Event "8th Essent op"]
[Site "Hoogeveen NED"]
[Date "2004.10.16"]
[Round "2.14"]
[White "Spoelman, Wouter"]
[Black "Galje, Hans"]
[Result "1-0"]
[WhiteElo "2357"]
[BlackElo "2115"]
[EventDate "2004.10.15"]
[PlyCount "81"]

1.e4 e6 2.d4 d5 3.Nc3 h6 4.Bd3 Nc6 5.Nf3 Nb4 6.Bb5+ c6 7.Be2 Nf6 8.e5 Ne4 
9.a3 Qa5 10.O-O Nxc3 11.bxc3 Na6 12.Bd2 c5 13.c4 Qa4 14.cxd5 exd5 15.dxc5 
Bxc5 16.Bb4 Bxb4 17.axb4 Qd7 18.e6 Qd6 19.Bb5+ Kf8 20.exf7 Nc7 21.Re1 Be6 
22.Bd3 Bxf7 23.c3 g6 24.Nd4 Kg7 25.Qg4 Kh7 26.Nf5 Qf6 27.Re7 Ne6 28.Re1 
Nd8 29.Nd4 Rg8 30.Rc7 a5 31.bxa5 Rxa5 32.h4 Ra2 33.Nf3 Kh8 34.Ree7 Ra1+ 
35.Kh2 Ra2 36.Qd4 Qxd4 37.cxd4 Rf8 38.Ne5 Rxf2 39.Bxg6 Kg8 40.Bxf7+ Nxf7 
41.Rxb7 1-0

[Event "8th Essent op"]
[Site "Hoogeveen NED"]
[Date "2004.10.16"]
[Round "2.15"]
[White "Baklan, Vladimir"]
[Black "Van Leent, Dmitri"]
[Result "1-0"]
[WhiteElo "2591"]
[BlackElo "2244"]
[EventDate "2004.10.15"]
[PlyCount "39"]

1.e4 e5 2.Nf3 Nc6 3.d4 exd4 4.Nxd4 Bc5 5.Be3 Qf6 6.c3 Qg6 7.Qf3 Nge7 8.Nb5
Bxe3 9.Qxe3 Kd8 10.Nd2 f5 11.O-O-O d6 12.Nc4 Bd7 13.Ncxd6 cxd6 14.Rxd6 Qe8
15.Bc4 Ne5 16.Rhd1 N7c6 17.Be6 Rf8 18.f4 Kc8 19.exf5 Nc4 20.Rxd7 1-0

[Event "8th Essent op"]
[Site "Hoogeveen NED"]
[Date "2004.10.16"]
[Round "2.17"]
[White "Smeets, Jan"]
[Black "Clemens, Adrian HP"]
[Result "1-0"]
[WhiteElo "2515"]
[BlackElo "2277"]
[EventDate "2004.10.15"]
[PlyCount "99"]

1.e4 c5 2.Nf3 d6 3.d4 cxd4 4.Nxd4 Nf6 5.Nc3 a6 6.Be3 e5 7.Nb3 Be6 8.f3 
Nbd7 9.g4 Nb6 10.g5 Nh5 11.Qd2 Rc8 12.O-O-O Be7 13.Rg1 O-O 14.Kb1 Qc7 15.
Qf2 Nc4 16.Bxc4 Bxc4 17.Bb6 Qd7 18.Nc5 Qc6 19.Nd3 Bxd3 20.Rxd3 Nf4 21.Nd5 
Nxd5 22.exd5 Qd7 23.h4 Qf5 24.Rg4 f6 25.gxf6 Rxf6 26.Qe2 Rf7 27.a3 Bf8 28.
c4 Re8 29.Re4 Qh5 30.c5 Rc8 31.cxd6 Bxd6 32.Ba5 Rf5 33.Bc3 Rcf8 34.Bb4 Qg6
35.Bxd6 Qxd6 36.Qd1 Rc8 37.Qb3 Rc5 38.Rc4 Rb5 39.Rc8+ Rf8 40.Qc4 h6 41.
Rxf8+ Kxf8 42.Qc8+ Kf7 43.h5 a5 44.Rd2 Rxd5 45.Qxb7+ Ke6 46.Qxd5+ Qxd5 47.
Rxd5 Kxd5 48.Kc2 Kd4 49.a4 Ke3 50.b4 1-0

[Event "8th Essent op"]
[Site "Hoogeveen NED"]
[Date "2004.10.16"]
[Round "2.19"]
[White "Van der Veen, Jan"]
[Black "Blees, Albert"]
[Result "0-1"]
[WhiteElo "2122"]
[BlackElo "2408"]
[EventDate "2004.10.15"]
[PlyCount "54"]

1.e4 c5 2.Nc3 Nc6 3.f4 g6 4.Nf3 Bg7 5.Be2 e6 6.d4 cxd4 7.Nb5 d6 8.c3 e5 9.
Qa4 Nge7 10.cxd4 exd4 11.Nfxd4 a6 12.Nxc6 bxc6 13.Nc3 Qb6 14.Qa3 O-O 15.
Qxd6 Ra7 16.Qa3 Rd8 17.Bd2 Be6 18.Na4 Qc7 19.Be3 Rd4 20.Bxd4 Bxd4 21.Rf1 
c5 22.O-O-O Nc6 23.Kb1 Nb4 24.b3 a5 25.f5 Qe5 26.Rxd4 cxd4 27.fxe6 Qxe4+ 
0-1

[Event "8th Essent op"]
[Site "Hoogeveen NED"]
[Date "2004.10.16"]
[Round "2.20"]
[White "Klinova, Masha"]
[Black "Dogge, Marc"]
[Result "1-0"]
[WhiteElo "2400"]
[BlackElo "2202"]
[EventDate "2004.10.15"]
[PlyCount "83"]

1.e4 c5 2.Nf3 e6 3.Be2 Nc6 4.O-O Nf6 5.Nc3 Qc7 6.d4 cxd4 7.Nxd4 a6 8.Nxc6 
dxc6 9.a4 e5 10.Be3 Be7 11.a5 Be6 12.Bb6 Qb8 13.Qd3 O-O 14.Na4 Nd7 15.Qc3 
Qd6 16.Rfd1 Qb4 17.Qxb4 Bxb4 18.Bc7 Rfe8 19.Nb6 Nxb6 20.axb6 f6 21.h3 g6 
22.Bg4 f5 23.exf5 gxf5 24.Bh5 Re7 25.c3 Bb3 26.Re1 Bc5 27.Ra5 Rxc7 28.bxc7
Bd6 29.Raxe5 Bxe5 30.Rxe5 Rc8 31.Re7 a5 32.Kh2 Kf8 33.Rxh7 Bg8 34.Rd7 Be6 
35.Rd8+ Ke7 36.Rxc8 Bxc8 37.Kg3 b5 38.Kf4 c5 39.Ke5 b4 40.cxb4 cxb4 41.Bd1
Kd7 42.h4 1-0

[Event "8th Essent op"]
[Site "Hoogeveen NED"]
[Date "2004.10.16"]
[Round "2.21"]
[White "Grooten, Herman"]
[Black "Hulshof, Peter"]
[Result "1/2-1/2"]
[WhiteElo "2391"]
[BlackElo "2209"]
[EventDate "2004.10.15"]
[PlyCount "145"]

1.d4 g6 2.c4 Bg7 3.e4 d6 4.Nf3 Bg4 5.Be2 Nc6 6.Be3 e5 7.d5 Bxf3 8.Bxf3 Nd4
9.Bxd4 exd4 10.Nd2 Ne7 11.Be2 O-O 12.h4 f5 13.h5 fxe4 14.Nxe4 c6 15.hxg6 
hxg6 16.Bg4 Nf5 17.O-O Be5 18.g3 Qe7 19.Qd2 cxd5 20.cxd5 Bg7 21.Rae1 Qe5 
22.Bd1 Ne3 23.Qd3 Nxf1 24.Kxf1 Rae8 25.Kg2 Bh6 26.Re2 Qf5 27.Bc2 Bg7 28.f4
Qg4 29.Rf2 Re7 30.Bd1 Qf5 31.Bf3 Rfe8 32.Re2 Kh8 33.Re1 Kg8 34.Re2 Kf8 35.
Kf1 Kg8 36.Ke1 Kf8 37.Kd2 Qxd5 38.a3 Qa5+ 39.b4 Qc7 40.Qb3 Rc8 41.Re1 d5 
42.Nc5 Rxe1 43.Kxe1 Re8+ 44.Kf2 b6 45.Nd3 Qc3 46.Qd1 Re3 47.Be2 Qc8 48.Kg2
Qe6 49.Bf3 Qf5 50.Be2 Qc8 51.a4 Qe8 52.Bf3 Qc6 53.b5 Qc4 54.Be2 Qa2 55.Kf2
Qa3 56.Qc2 Re8 57.Kg2 Qc3 58.Qd1 Rc8 59.f5 g5 60.Qf1 Bf6 61.Nf2 Qd2 62.Bd3
Rc3 63.Kh3 Qe3 64.Kg4 Be5 65.Qh3 Rxd3 66.Nxd3 Qxd3 67.Qh6+ Bg7 68.Qd6+ Kg8
69.Qe6+ Kh8 70.Qe8+ Kh7 71.Qg6+ Kh8 72.Qe8+ Kh7 73.Qg6+ 1/2-1/2

[Event "8th Essent op"]
[Site "Hoogeveen NED"]
[Date "2004.10.16"]
[Round "2.22"]
[White "Brady, Stephen"]
[Black "Hensbergen, Willem"]
[Result "1-0"]
[WhiteElo "2342"]
[BlackElo "2126"]
[EventDate "2004.10.15"]
[PlyCount "41"]

1.e4 Nf6 2.e5 Nd5 3.d4 d6 4.Nf3 g6 5.Bc4 Nb6 6.Bb3 Bg7 7.Ng5 e6 8.Qf3 Qe7 
9.Ne4 h6 10.exd6 cxd6 11.Qg3 e5 12.O-O Nc6 13.dxe5 dxe5 14.Be3 Be6 15.Bc5 
Nd4 16.Nbc3 Nf5 17.Bxe7 Nxg3 18.Bf6 Nh5 19.Nd6+ Kd7 20.Bxg7 Nxg7 21.Nxf7 
1-0

[Event "8th Essent op"]
[Site "Hoogeveen NED"]
[Date "2004.10.16"]
[Round "2.23"]
[White "Afek, Yochanan"]
[Black "Wilson, Alexandra"]
[Result "1-0"]
[WhiteElo "2322"]
[BlackElo "2070"]
[EventDate "2004.10.15"]
[PlyCount "53"]

1.e4 e6 2.d4 d5 3.e5 c5 4.c3 Nc6 5.Nf3 Bd7 6.Be2 Nge7 7.Na3 cxd4 8.cxd4 
Nf5 9.Nc2 Qa5+ 10.Kf1 Rc8 11.g4 Nfe7 12.Kg2 f6 13.Bf4 Ng6 14.Bg3 fxe5 15.
dxe5 Qc7 16.Rc1 Ngxe5 17.Nxe5 Nxe5 18.f4 Nc6 19.f5 Bd6 20.fxe6 Bxe6 21.Nd4
Qd7 22.Nxe6 Qxe6 23.Bf3 Bxg3 24.Bxd5 Qd7 25.hxg3 Ne7 26.Bf7+ Kd8 27.Be6 
1-0

[Event "8th Essent op"]
[Site "Hoogeveen NED"]
[Date "2004.10.16"]
[Round "2.24"]
[White "Bensdorp, Marlies"]
[Black "De Jong, Migchiel"]
[Result "1/2-1/2"]
[WhiteElo "2214"]
[BlackElo "2316"]
[EventDate "2004.10.15"]
[PlyCount "86"]

1.d4 e6 2.c4 Bb4+ 3.Bd2 a5 4.Nf3 d6 5.e3 Nf6 6.Bd3 Bxd2+ 7.Qxd2 Nbd7 8.Nc3
O-O 9.O-O e5 10.Rfd1 Qe7 11.Qc2 Re8 12.Nd2 c6 13.a3 Nf8 14.Rab1 Bg4 15.f3 
Bd7 16.Nf1 exd4 17.exd4 Ne6 18.Ne2 a4 19.Re1 Qd8 20.Kh1 g6 21.Qd2 Qa5 22.
Qxa5 Rxa5 23.Kg1 Nh5 24.g3 Nhg7 25.Nd2 f5 26.Kf2 Raa8 27.Rbc1 Nh5 28.Nb1 
Nf6 29.Nbc3 c5 30.d5 Nc7 31.Red1 Reb8 32.Rb1 Kf8 33.b4 axb3 34.Rxb3 Ra6 
35.Rdb1 Bc8 36.a4 Ke7 37.Nb5 Nxb5 38.axb5 Ra2 39.R3b2 Rba8 40.Nc1 Rxb2+ 
41.Rxb2 Nd7 42.Ra2 Rxa2+ 43.Nxa2 Ne5 1/2-1/2

[Event "8th Essent op"]
[Site "Hoogeveen NED"]
[Date "2004.10.16"]
[Round "2.25"]
[White "Doggers, Peter"]
[Black "Hendriks, Richard V"]
[Result "1/2-1/2"]
[WhiteElo "2292"]
[BlackElo "2140"]
[EventDate "2004.10.15"]
[PlyCount "42"]

1.e4 e5 2.Nf3 Nc6 3.Bb5 f5 4.Bxc6 dxc6 5.Nc3 Nf6 6.Qe2 fxe4 7.Nxe4 Bg4 8.
d3 Bb4+ 9.Bd2 Bxd2+ 10.Nexd2 O-O 11.O-O Nd5 12.Qxe5 Qd7 13.Rfe1 Nf4 14.Qd4
Qf5 15.Re7 Qg6 16.Nh4 Qg5 17.Rae1 Be6 18.Rxc7 Nh3+ 19.Kh1 Nxf2+ 20.Kg1 
Nh3+ 21.Kh1 Nf2+ 1/2-1/2

[Event "8th Essent op"]
[Site "Hoogeveen NED"]
[Date "2004.10.16"]
[Round "2.26"]
[White "Li Shilong"]
[Black "Ahlers, Ben"]
[Result "1-0"]
[WhiteElo "2526"]
[BlackElo "2223"]
[EventDate "2004.10.15"]
[PlyCount "61"]

1.d4 Nf6 2.c4 c5 3.d5 e6 4.Nc3 exd5 5.cxd5 d6 6.Nf3 g6 7.Nd2 Bg7 8.Nc4 O-O
9.Bf4 Ne8 10.Qd2 Qd7 11.a4 Na6 12.g3 Nb4 13.Bg2 b6 14.O-O Ba6 15.b3 f5 16.
Ra3 Rd8 17.e4 Qf7 18.Rd1 Kh8 19.e5 dxe5 20.Nxe5 Qg8 21.Na2 Nd6 22.Nxb4 
cxb4 23.Qxb4 g5 24.Ng6+ hxg6 25.Bxd6 Rf7 26.Be7 Rd7 27.Bxg5 Qc8 28.Ra2 Bf8
29.d6 Qc5 30.Qxc5 bxc5 31.Rad2 1-0

[Event "8th Essent op"]
[Site "Hoogeveen NED"]
[Date "2004.10.16"]
[Round "2.27"]
[White "Boersma, Jan"]
[Black "Ernst, Sipke"]
[Result "1/2-1/2"]
[WhiteElo "2221"]
[BlackElo "2521"]
[EventDate "2004.10.15"]
[PlyCount "139"]

1.e4 c6 2.d4 d5 3.Nc3 dxe4 4.Nxe4 Bf5 5.Ng3 Bg6 6.Nf3 Nd7 7.Bd3 Ngf6 8.O-O
e6 9.Re1 Be7 10.Ne5 Nxe5 11.dxe5 Nd7 12.Nh5 O-O 13.Qg4 Qa5 14.Bf4 Nc5 15.
Re3 Nxd3 16.Rxd3 Rfd8 17.Rxd8+ Rxd8 18.c3 Qb5 19.b3 Qd3 20.Ng3 Qxc3 21.Rc1
Qd4 22.Nf1 h5 23.Qg3 h4 24.Qf3 Qe4 25.Qxe4 Bxe4 26.Nd2 Bd3 27.Be3 a6 28.f4
Ba3 29.Rc3 Bf5 30.Nc4 Rd1+ 31.Kf2 Ra1 32.Nxa3 Rxa2+ 33.Kf3 Rxa3 34.Bc5 Ra2
35.Be7 Rb2 36.Bxh4 Bc2 37.b4 Bb3 38.Be7 Bd5+ 39.Ke3 Rxg2 40.Kd4 Rxh2 41.
Rg3 b6 42.Bf6 Rd2+ 43.Kc3 Rg2 44.Rxg2 Bxg2 45.Bd8 Kh7 46.Bxb6 Kg6 47.Bd8 
Kf5 48.Bg5 Ke4 49.Kc4 Bf1+ 50.Kc5 Bb5 51.Kd6 Kf5 52.Kc5 Ba4 53.Kd4 Bb3 54.
Kc5 Bd5 55.Kb6 f6 56.exf6 gxf6 57.Bh6 e5 58.fxe5 fxe5 59.Kxa6 Bc4+ 60.Kb6 
Bb5 61.Kc5 Ke4 62.Kd6 Kf5 63.Bg7 e4 64.Bh6 Kg4 65.Ke5 Kf3 66.Kd4 Ba4 67.
Bg5 Bb3 68.Bh6 Bf7 69.Bg5 Bg6 70.Kc5 1/2-1/2

[Event "8th Essent op"]
[Site "Hoogeveen NED"]
[Date "2004.10.16"]
[Round "2.28"]
[White "De Vreugt, Dennis"]
[Black "Markus, John Raymond"]
[Result "0-1"]
[WhiteElo "2466"]
[BlackElo "2219"]
[EventDate "2004.10.15"]
[PlyCount "94"]

1.e4 e5 2.Nf3 Nc6 3.Bb5 a6 4.Ba4 Nf6 5.O-O b5 6.Bb3 Bc5 7.a4 Rb8 8.c3 d6 
9.d4 Bb6 10.axb5 axb5 11.Na3 Bg4 12.Nxb5 O-O 13.d5 Ne7 14.Bc2 Ng6 15.h3 
Bxh3 16.gxh3 Qd7 17.c4 Qxh3 18.Ng5 Qg3+ 19.Kh1 Qh4+ 20.Kg2 h6 21.Nh3 Nxe4 
22.Ra3 f5 23.Qe2 Rf6 24.Bxe4 fxe4 25.Rg3 Rf3 26.Nc3 Bxf2 27.Rxf3 exf3+ 28.
Qxf3 Rf8 29.Qxf8+ Nxf8 30.Nxf2 Qxc4 31.Nfe4 Ng6 32.Rd1 Nh4+ 33.Kf2 Nf5 34.
Be3 Qb3 35.Rd2 Kf7 36.Ke2 Qc4+ 37.Kf2 Qb3 38.Ke2 Qc4+ 39.Kf2 g5 40.Rd1 Qb3
41.Rd2 Kg6 42.Ng3 Nxg3 43.Kxg3 h5 44.Kf3 Qc4 45.Rd1 Qg4+ 46.Kf2 e4 47.Re1 
h4 0-1

[Event "8th Essent op"]
[Site "Hoogeveen NED"]
[Date "2004.10.16"]
[Round "2.29"]
[White "Van Weersel, Arlette"]
[Black "Hendriks, Willy"]
[Result "0-1"]
[WhiteElo "2184"]
[BlackElo "2396"]
[EventDate "2004.10.15"]
[PlyCount "106"]

1.e4 c5 2.c4 Nc6 3.Ne2 g6 4.d4 cxd4 5.Nxd4 Nf6 6.Nc3 d6 7.Be2 Nxd4 8.Qxd4 
Bg7 9.Be3 O-O 10.Qd2 Be6 11.O-O Qa5 12.Rab1 Rfc8 13.Rfc1 a6 14.b3 Rab8 15.
f3 Nd7 16.b4 Qd8 17.Nd5 Bxd5 18.cxd5 Nf6 19.a4 h5 20.Rxc8 Rxc8 21.Rc1 Nd7 
22.Rc2 Rxc2 23.Qxc2 a5 24.Qc4 axb4 25.Qxb4 Qc7 26.Bb5 Nc5 27.Kf1 Bf6 28.g3
Qc8 29.Kg2 Bg7 30.h3 Qc7 31.f4 Qc8 32.Be2 Qc7 33.Bb5 b6 34.g4 hxg4 35.hxg4
Qc8 36.Kf3 Qc7 37.Bc4 Qd8 38.Qb5 Bc3 39.Qc6 Kg7 40.Bf1 Qh8 41.Bg2 Qb8 42.
Bf1 Qa7 43.Bxc5 bxc5 44.Ba6 Qb8 45.Qb5 Qh8 46.Qf1 g5 47.fxg5 Qh4 48.Bc8 
Qxg5 49.Qh3 Qd2 50.Bf5 Bd4 51.g5 Qd1+ 52.Kg2 Qe2+ 53.Kh1 Qe1+ 0-1

[Event "8th Essent op"]
[Site "Hoogeveen NED"]
[Date "2004.10.16"]
[Round "2.30"]
[White "Groenewold, Jan Joris"]
[Black "Siebrecht, Sebastian"]
[Result "0-1"]
[WhiteElo "2159"]
[BlackElo "2366"]
[EventDate "2004.10.15"]
[PlyCount "58"]

1.d4 Nf6 2.c4 g6 3.Nc3 Bg7 4.e4 O-O 5.Nf3 d6 6.h3 Na6 7.Be3 c6 8.Be2 e5 9.
d5 Bd7 10.Nd2 Ne8 11.g4 Kh8 12.Rg1 f5 13.gxf5 gxf5 14.exf5 Bxf5 15.Bg4 Bd3
16.Nde4 Nb4 17.Be2 Nc2+ 18.Kd2 Bxe4 19.Nxe4 Nxa1 20.Bd3 cxd5 21.Ng5 d4 22.
Nxh7 dxe3+ 23.fxe3 Qa5+ 24.Kc1 Rf2 25.Nf8 Qxa2 26.Ng6+ Kg8 27.Ne7+ Kf8 28.
Ng6+ Kf7 29.Nh8+ Ke7 0-1

[Event "8th Essent op"]
[Site "Hoogeveen NED"]
[Date "2004.10.16"]
[Round "2.31"]
[White "Pel, Bonno"]
[Black "Van Geffen, Ben"]
[Result "1-0"]
[WhiteElo "2312"]
[BlackElo "2181"]
[EventDate "2004.10.15"]
[PlyCount "85"]

1.Nc3 Nf6 2.d4 d5 3.Bg5 e6 4.e4 Be7 5.e5 Nfd7 6.Bxe7 Qxe7 7.f4 a6 8.Nf3 c5
9.Qd2 Nc6 10.O-O-O O-O 11.dxc5 Nxc5 12.g3 b5 13.Nd4 Nxd4 14.Qxd4 b4 15.Ne2
a5 16.Bg2 Ba6 17.Rhe1 Rfc8 18.Kb1 Bxe2 19.Rxe2 Rab8 20.b3 Nd7 21.f5 Qc5 
22.Qf4 a4 23.Bh3 Rb6 24.Rf1 Qe7 25.f6 Qf8 26.Bg4 g6 27.h4 h6 28.Bf3 axb3 
29.cxb3 Rbc6 30.Rd2 Nc5 31.Qxb4 Kh7 32.Qd4 Qd8 33.h5 g5 34.Rc2 Qa5 35.Rfc1
Qa3 36.Be2 Kg8 37.Qb2 Qb4 38.Qc3 Qa3 39.b4 Qa7 40.bxc5 Rxc5 41.Qxc5 Rxc5 
42.Rxc5 Qb8+ 43.Rb5 1-0